Consumption and gender in Southern Europe since the long 1960s
Αποθηκεύτηκε σε:
| Άλλοι συγγραφείς: | , , |
|---|---|
| Μορφή: | Βιβλίο |
| Γλώσσα: | English |
| Δημοσίευση: |
London :
Bloomsbury Academic, an imprint of Bloomsbury Publishing Plc,
2016.
|
| Θέματα: | |
| Ετικέτες: |
Προσθήκη ετικέτας
Δεν υπάρχουν, Καταχωρήστε ετικέτα πρώτοι!
|
MARC
| LEADER | 00000cam a2200000 a 4500 | ||
|---|---|---|---|
| 001 | 1/116139 | ||
| 008 | 180316s2016####enk| ||| |||| ||eng|| | ||
| 020 | |a 9781472596260 | ||
| 040 | |a GR-MyUa |b gre |c GR-MyUa |e AACR2 | ||
| 041 | 0 | |a eng | |
| 082 | 7 | |a 306.3094 |2 (23) | |
| 245 | 0 | 0 | |a Consumption and gender in Southern Europe since the long 1960s / |c edited by Kostis Kornetis, Eirini Kotsovili, and Nikolaos Papadogiannis. |
| 260 | |a London : |b Bloomsbury Academic, an imprint of Bloomsbury Publishing Plc, |c 2016. | ||
| 300 | |a xvi, 280 σ. ; |c 25 εκ. | ||
| 504 | |a Περιλαμβάνει βιβλιογραφία και ευρετήριο. | ||
| 650 | 0 | |a Consumption (Economics) |x Social aspects |z Europe, Southern |x History |y 20th century. | |
| 650 | 0 | |a Consumer behavior |z Europe, Southern |x History |y 20th century. | |
| 650 | 0 | |a Women consumers |z Europe, Southern |x History. |y 20th century. | |
| 650 | 0 | |a Material culture |z Europe, Southern |x History |y 20th century. | |
| 650 | 0 | |a Lifestyles |x History |y 20th century |z Europe, Southern. | |
| 650 | 0 | |a Authoritarianism |z Europe, Southern |x History |y 20th century. | |
| 650 | 0 | |a Democracy |z Europe, Southern |x History |y 20th century. | |
| 700 | 1 | |a Kornetis, Kostis, |e edt | |
| 700 | 1 | |a Kotsovili, Eirini, |d 1981- |e edtf | |
| 700 | 1 | |a Papadogiannis, Nikolaos, |e edt | |
| 852 | |a INST |b LESVOS |e 20180316 |h 306.3094 CON |p 005100060091 |q 005100060091 |t BK |y 0 | ||
| 970 | |a Τζαφέρη |b Ευαγγελία |z 16-03-2018 | ||